| 000 | 00428cam a22001457a 4500 | ||
|---|---|---|---|
| 008 | 180718b1996 xxu||||| |||| 00| 0 eng d | ||
| 082 | _aT19 G752 | ||
| 100 | _aGrabowski, Richard | ||
| 245 |
_aDevelopment economics _cby Richard Grabowski and Michael P. Shields |
||
| 260 |
_aCambridge _bBlackwell _c1996 |
||
| 300 | _a299p. | ||
| 650 | _aDevelopment economics | ||
| 650 | _aEconomic development | ||
| 700 | _aShields, Michael P. | ||
| 999 |
_c380350 _d380350 |
||